00602cam a22002057a 4500001000500000005001700005020001800022040001800040050002000058082000800078100001900086245006900105250003300174260003400207300004200241505000800283520006500291521002000356521002000376239420250814144302.0 a9780439519137 aDLCcDLCbeng00aMLCM 2006/41694 a6091 aBerger, Melvin10aThink factory bamazing inventions /cby Melvin and Gilda Berger aFirst printing, January 2006 bScholastic,c2006aNew York : a47 pages bColor illustrationsc26 cm aW  aPresents a look at recent inventions that changed the world. a880 bLexile  aW bRaz-Plus